00917nam a2200217 450000100060000000300080000600500170001400800390003103500190007004000270008904100080011608200200012410000380014424503430018226000430052530000250056850400360059365100270062970000220065670000210067826768BD-RjUL20211209051050.0140323s1969 ii b 001 0 eng a(BD-RjUL)26839 aDLCcDLCdBD-RjULbeng aeng00a954.2bMAB 19691 aMasih Uddin Khan, Mohammadd1804-10aBritish aggression in Avadh :bbeing the treatise of M. Mohammad Masih Uddin Khan Bahadur entitled, Oude, its princes, and its government vindicated /cMohammad Masih Uddin Khan, printed by John Davy & Sons, London, in 1857 and suppressed by the British government. Edited with an introd. by Safi Ahmad. With a foreword by Mohammad Habib. aMeerut :bMeenakshi Prakashan,cc1969. axv, 179 p. ;c23 cm. aInclude bibliography and index. 0aOudh (India)xHistory.1 a Ahmad, Safieed.1 aHabib, Mohammad